000 00546nam a22002057a 4500
003 OSt
005 20160614184731.0
008 160614b xxu||||| |||| 00| 0 eng d
020 _a0443072795
040 _cDNLM
082 _aQW504 E33i 2006
100 _aEdgar, J. David M.
_99391
245 _aImmunology: a core text with self-assessment
260 _aEdinburgh; Elsevier, 2006
300 _avii,202p; ill: 26.5cm
504 _aIndex included
650 _aImmunlogy MCQs
_99392
650 _aImmunohistology
_99393
942 _2z
_cO_SHELF
999 _c4357
_d4357